000 01686cam a2200301 a 4500
999 _c128116
_d128116
001 15816707
003 ARRUPE
005 20180906111337.0
008 090714s2010 pau b 001 0 eng
010 _a 2009029042
020 _a9780812242195 (alk. paper)
020 _a081224219X (alk. paper)
035 _a(OCoLC)ocn426147429
040 _aDLC
_cDLC
_dYDX
_dCDX
_dBWX
_dRCJ
_dYDXCP
_dDLC
050 0 0 _aJC571
_b.B85 2010
082 0 0 _a323
_222
100 1 _aBurke, Roland.
_942027
245 1 0 _aDecolonization and the evolution of international human rights /
_cRoland Burke.
260 _aPhiladelphia :
_bUniversity of Pennsylvania Press,
_cc2010.
300 _a234 p. ;
_c24 cm.
490 1 _aPennsylvania studies in human rights
504 _aIncludes bibliographical references and index.
505 0 _aHuman rights and the birth of the third world : the Bandung Conference -- "Transforming the end into the means" : the third world and the right to self-determination -- Putting the stamps back on : apartheid, anticolonialism, and the accidental birth of a universal right to petition -- "It is very fitting" : celebrating freedom in the Shah's Iran, the first world conference on human rights, Tehran 1968 -- "According to their own norms of civilization" : the rise of cultural relativism and the decline of human rights.
650 0 _aHuman rights.
_942028
650 0 _aDecolonization.
_99993
830 0 _aPennsylvania studies in human rights.
_919012
906 _a7
_bcbc
_corignew
_d1
_eecip
_f20
_gy-gencatlg
942 _2lcc
_cMONOGRAPH